BIBLIOTECA

SENCICO

Física general / (Registro nro. 601)

Detalles MARC
000 -LEADER
fixed length control field 01426nam a2200277Ia 4500
003 - CONTROL NUMBER IDENTIFIER
control field PE SENCICO BE
005 - DATE AND TIME OF LATEST TRANSACTION
control field 20251020182443.0
008 - FIXED-LENGTH DATA ELEMENTS--GENERAL INFORMATION
fixed length control field 200515s9999 xx 000 0 und d
020 ## - INTERNATIONAL STANDARD BOOK NUMBER
International Standard Book Number 0-07-144814-4
040 ## - CATALOGING SOURCE
Original cataloging agency PE SENCICO BE
Transcribing agency PE SENCICO BE
041 ## - LANGUAGE CODE
Language code of text/sound track or separate title spa
082 ## - DEWEY DECIMAL CLASSIFICATION NUMBER
Classification number 530
Item number B88
100 1# - MAIN ENTRY--PERSONAL NAME
Personal name Bueche, Frederick J.
9 (RLIN) 3338
Relator term autor
245 10 - TITLE STATEMENT
Title Física general /
Statement of responsibility, etc. Frederick J. Bueche, Eugene Hecht
250 ## - EDITION STATEMENT
Edition statement 10a ed.
260 ## - PUBLICATION, DISTRIBUTION, ETC.
Place of publication, distribution, etc. México, D.F. :
Name of publisher, distributor, etc. McGraw-Hill Interamericana ;
Date of publication, distribution, etc. 2007
300 ## - PHYSICAL DESCRIPTION
Extent 394 páginas :
Other physical details ilustraciones, tablas, gráficos ;
Dimensions 27 cm.
490 ## - SERIES STATEMENT
Series statement Schaum
505 0# - FORMATTED CONTENTS NOTE
Formatted contents note Rapidez, desplazamiento y velocidad: introducción a los vectores -- Movimiento uniformemente acelerado -- Leyes de Newton -- Equilibrio bajo la acción de fuerzas concurrentes -- Equilibrio de un cuerpo rígido bajo la acción de fuerzas coplanares -- Trabajo, energía y potencia -- Máquinas simples -- Impulso y cantidad de movimiento -- Movimiento angular en un plano -- Rotación de un cuerpo rígido -- Movimiento armónico simple y resortes -- Densidad: elasticidad -- Fluidos en reposo -- Fluidos en movimiento -- Dilatación térmico -- Gases ideales -- Teoría cuántica -- Calorimetría -- Transferencia de energía calorífica
650 10 - SUBJECT ADDED ENTRY--TOPICAL TERM
Topical term or geographic name entry element Física
9 (RLIN) 74
650 20 - SUBJECT ADDED ENTRY--TOPICAL TERM
Topical term or geographic name entry element Equilibrio
9 (RLIN) 795
650 20 - SUBJECT ADDED ENTRY--TOPICAL TERM
Topical term or geographic name entry element Elasticidad
9 (RLIN) 481
650 20 - SUBJECT ADDED ENTRY--TOPICAL TERM
Topical term or geographic name entry element Termodinámica
9 (RLIN) 2123
942 ## - ADDED ENTRY ELEMENTS (KOHA)
Koha item type Libros
Source of classification or shelving scheme Dewey Decimal Classification
Existencias
Fecha de la última vez que lo usaron Número de ingreso o de inventario Pago total Signatura topográfica completa Código de barras Precio efectivo desde Tipo de documento Estado perdido Sistema de clasificación Estado dañado No es para préstamo Retirado Ubicación permanente Ubicación actual Fecha de adquisición
15/05/2020 14170   530/B88 BibLima25100038 15/05/2020 Libros   Dewey Decimal Classification       Biblioteca Central Lima Biblioteca Central Lima 15/05/2020